000 01068nam a2200241Ia 4500
003 Ost
005 20260507075019.0
008 260507s9999||||xx |||||||||||||| ||und||
040 _cfsecg
041 _aara
082 _a346.07
100 _aالعكيلي، عزيز
_eمؤلف
245 0 _aشرح القانون التجاري :
_bالأوراق التجارية وعمليات البنوك /
_c عزيز العكيلي
260 _aعمان:
_bالدار العلمية الدولية والدار الثقافية للنشر,
_c2002
300 _a488 صفحة؛
_c24 سم
490 _aالمكتبة القانونية
_v446
504 _aببلوغرافيا ص.472
520 _aالأوراق التجارية،سند السحب، سند الأمر، الشيك، عمليات البنوك، الحسابات المصرفية، الودائع المصرفية، عمليات الإئتمان المصرفية
653 _aالأوراق التجارية
653 _aالبنوك
653 _aالقانون التجاري
942 _cكتاب
999 _c42247
_d42247